000 00451nam a2200181Ia 4500
001 3998
005 20260306145724.0
008 260306t2015||||xx |||||||||||||| ||spa||
041 _aESP
082 _a306.3
_bB28A
100 _aBauman, Zygmunt
_eAUT
245 0 _aDaños colaterales:
_bdesigualdades sociales en la era global
260 _c2015
300 _a233 páginas :
_c21 cm.
650 _aGEN
654 _aCHU
942 _cLIB
_dJUS
_fJUS
_2ddc
_n
999 _c3998
_d3998